Principles og management / (Record no. 39410)

MARC details
000 -LEADER
fixed length control field 00686nam a22002057a 4500
005 - DATE AND TIME OF LATEST TRANSACTION
control field 2010080504374.0
010 ## - LCCN (DPL NO)
LC control number ENG-98389
020 ## - INTERNATIONAL STANDARD BOOK NUMBER
International Standard Book Number 9788190778169
Terms of availability 75.00
020 ## - INTERNATIONAL STANDARD BOOK NUMBER
International Standard Book Number 8190778161
Terms of availability 75.00
035 ## - SYSTEM CONTROL NUMBER
System control number EN-81922
037 ## - SOURCE OF ACQUISITION
Source of stock number/acquisition DBAD/PUB
082 ## - DEWEY DECIMAL CLASSIFICATION NUMBER
Classification number 658.4
100 ## - MAIN ENTRY--PERSONAL NAME
Personal name Elangovan,D.
245 ## - TITLE STATEMENT
Title Principles og management /
Statement of responsibility, etc by D.Elangovan
260 ## - PUBLICATION, DISTRIBUTION, ETC. (IMPRINT)
Place of publication, distribution, etc Chennai
Name of publisher, distributor, etc Sekar Publications
Date of publication, distribution, etc 2008
270 ## - ADDRESS
Address 66 Periyar Street, MGR Nagar
City Chennai
Postal code 78
300 ## - PHYSICAL DESCRIPTION
Extent 143p.
Dimensions 20cm (pbk)
942 ## - ADDED ENTRY ELEMENTS (KOHA)
Source of classification or shelving scheme Dewey Decimal Classification
Item type English Books
Classification part 658.4
Call number suffix ELA
Holdings
Withdrawn status Lost status Not for loan Collection code Home library Current library Date acquired Source of acquisition Cost, normal purchase price Full call number Barcode Copy number Cost, replacement price Koha item type
    Not For Loan Non-fiction D.B.Act.Division D.B.Act.Division 05/08/2010 DBAD/PUB 75.00 658.4 ELA EN-81922 1 75.00 English Books

© Delhi Public Library
Hit Counter
free hit counter